000 00470nam a2200157 i 4500
001 79358
003 ES-MaACL
005 20230906173947.0
007 t|
008 041021s1933 sp ||||1| spa d
100 1 _aHermida Vázquez, José.
_962761
245 1 0 _aGeografía ferroviaria
_b: tratado elemental de ferrocarriles /
_cJosé Hermida Vázquez.
260 _aOrense :
_bLa Industrial,
_c1933.
300 _a186 p. :
_bil. ;
_c22 cm.
852 _aES-MaACL
_jA-1901
999 _c79358
_d79358